Monarchiák - Hirtelen halál - Statistics

General Stats
  • This quiz has been taken 29 times
  • The average score is 9 of 20
Answers on the Grid
Answers color-coded by a green-red scale on the quiz's grid according to % correct below.
Belgium
Bhután
Dánia
Egyesült Királyság
Egyiptom
Eswatini
Finnország
Franciaország
Görögország
Haiti
Hollandia
India
Indonézia
Japán
Jordánia
Kambodzsa
Katar
Kuvait
Laosz
Libanon
Litvánia
Malaysia
Marokkó
Monaco
Olaszország
Omán
Peru
Portugália
San Marino
Spanyolország
Svájc
Svédország
Szaúd-Arábia
Thaiföld
Vatikán
 
Answer Stats
Answer % Correct
Egyesült Királyság
88%
Belgium
76%
Hollandia
71%
Dánia
65%
Japán
53%
Monaco
53%
Spanyolország
53%
Svédország
53%
Katar
47%
Szaúd-Arábia
47%
Bhután
41%
Jordánia
35%
Kuvait
35%
Omán
35%
Vatikán
35%
Marokkó
24%
Thaiföld
18%
Eswatini
12%
Kambodzsa
12%
Malaysia
12%
No matching quizzes found
Score Distribution
Percent of People with Each Score
Percentile by Number Answered
Your Score History
You have not taken this quiz